| 000 | 01243cam a2200217 4500 | ||
|---|---|---|---|
| 001 | ABS66517 | ||
| 008 | 030324n2003 000 0 eng u | ||
| 035 | _a(Sirsi) u121714 | ||
| 245 | _aHome inspectors - an update on proposals for qualifications and certification | ||
| 260 | _c2003 | ||
| 490 |
_aEstate Agent _vJanuary/February 2003, 19(1) |
||
| 520 | _aFocuses on the new occupation of home inspector which begins with the introduction of the seller's'pack and home condition reports in early 2006. Outlines the draft occupational standards and current plans for the home inspector qualification (HIQ) and certification. A single qualification is being developed by the Awarding Body for the Built Environment (ABBE). Details the five qualification units, how the qualification will be assessed and the post-qualification certification by the Home Inspectors Certification Board (HICB). It is very unlikely that any existing qualification or experience will totally exempt anyone from all of the HIQ. | ||
| 590 | _aABS | ||
| 650 | _aHOME INSPECTIONS | ||
| 650 | _aHOME CONDITION REPORTS | ||
| 650 | _aHOME INFORMATION PACKS | ||
| 650 | _aQUALIFICATIONS | ||
| 650 | _aCERTIFICATION | ||
| 690 | _aEDUCATION-CAREERS | ||
| 942 | _n0 | ||
| 999 |
_c72336 _d72336 |
||